<?xml version="1.0" encoding="UTF-8"?>
<record
    xmlns:xsi="http://www.w3.org/2001/XMLSchema-instance"
    xsi:schemaLocation="http://www.loc.gov/MARC21/slim http://www.loc.gov/standards/marcxml/schema/MARC21slim.xsd"
    xmlns="http://www.loc.gov/MARC21/slim">

  <leader>02413nam a2200289 i 4500</leader>
  <controlfield tag="003">CSPC</controlfield>
  <controlfield tag="005">20240423091357.0</controlfield>
  <controlfield tag="008">240423s2023    ph       mab  000 0 eng d</controlfield>
  <datafield tag="040" ind1=" " ind2=" ">
    <subfield code="c">CSPC</subfield>
    <subfield code="a">CSPC</subfield>
    <subfield code="b">eng</subfield>
  </datafield>
  <datafield tag="090" ind1=" " ind2=" ">
    <subfield code="a">UTH ABELS At47r 2023</subfield>
  </datafield>
  <datafield tag="100" ind1="1" ind2=" ">
    <subfield code="a">Atian, Mary Grace S.,</subfield>
    <subfield code="e">author.</subfield>
  </datafield>
  <datafield tag="245" ind1="1" ind2="0">
    <subfield code="a">Repair techniques between unknown speakers : </subfield>
    <subfield code="b">a conversational analysis / </subfield>
    <subfield code="c">Mary Grace S. Atian and Aya Medel B. Sazon.</subfield>
  </datafield>
  <datafield tag="300" ind1=" " ind2=" ">
    <subfield code="a">101 leaves</subfield>
  </datafield>
  <datafield tag="336" ind1=" " ind2=" ">
    <subfield code="a">text</subfield>
    <subfield code="2">rdacontent</subfield>
  </datafield>
  <datafield tag="337" ind1=" " ind2=" ">
    <subfield code="a">unmediated</subfield>
    <subfield code="2">rdamedia</subfield>
  </datafield>
  <datafield tag="338" ind1=" " ind2=" ">
    <subfield code="a">volume</subfield>
    <subfield code="2">rdacarrier</subfield>
  </datafield>
  <datafield tag="502" ind1=" " ind2=" ">
    <subfield code="a">Undergraduate Thesis (ABELS) - English Language Studies.</subfield>
    <subfield code="c">Camarines Sur Polytechnic Colleges, 2023.</subfield>
  </datafield>
  <datafield tag="504" ind1=" " ind2=" ">
    <subfield code="a">Includes bibliographical references.</subfield>
  </datafield>
  <datafield tag="520" ind1="3" ind2=" ">
    <subfield code="a">This study aimed to identify the repair techniques used in conversations between unknown speakers. Twenty (20) students from Camarines Sur Polytechnic Colleges took part in this investigation. In order to maintain anonymity of the participants, the participants are paired randomly and the interactions do not have visual contact. The participants were free to choose the topic they want to discuss as long as it has consent from both sides. The conversations were audio recorded, transcribed using the Jefferson transcription system by Gail Jefferson (2004) to identify the repair, and qualitatively analyzed using the conversational analysis method. The study's findings show 30 utterances containing various repair techniques the participants used. The techniques are unspecified repair, interrogative repair, partial repeat repair, partial repeat plus question word repair, understanding check repair, request for repetition repair, requests for definition, translation, or explanation repair, and correction repair. The eight repair techniques identified in the study were selected considering the guidelines established by the researchers. The results revealed that unspecified and understanding checks are frequently used in conversations between unknown speakers, whereas requests for repetition and correction are the least frequently used. </subfield>
  </datafield>
  <datafield tag="700" ind1="1" ind2=" ">
    <subfield code="a">Sazon, Aya Medel B.,</subfield>
    <subfield code="e">author</subfield>
  </datafield>
  <datafield tag="720" ind1="1" ind2=" ">
    <subfield code="a">Regalado, Elsa B.,</subfield>
    <subfield code="e">adviser</subfield>
  </datafield>
  <datafield tag="720" ind1="1" ind2=" ">
    <subfield code="a">Fajardo, Dan Fereth B.,</subfield>
    <subfield code="e">chair, panelist</subfield>
  </datafield>
  <datafield tag="720" ind1="1" ind2=" ">
    <subfield code="a">Pontillas, Marlon S.,</subfield>
    <subfield code="e">panelist</subfield>
  </datafield>
  <datafield tag="720" ind1="1" ind2=" ">
    <subfield code="a">Amaranto, Bryan B.,</subfield>
    <subfield code="e">panelist</subfield>
  </datafield>
  <datafield tag="942" ind1=" " ind2=" ">
    <subfield code="2">ddc</subfield>
    <subfield code="n">0</subfield>
    <subfield code="c">UM</subfield>
    <subfield code="h">At47r</subfield>
    <subfield code="i">ABELS</subfield>
    <subfield code="k">UTH</subfield>
    <subfield code="m">2023</subfield>
  </datafield>
  <datafield tag="952" ind1=" " ind2=" ">
    <subfield code="0">0</subfield>
    <subfield code="1">0</subfield>
    <subfield code="2">ddc</subfield>
    <subfield code="4">0</subfield>
    <subfield code="7">0</subfield>
    <subfield code="a">CSPC</subfield>
    <subfield code="b">CSPC</subfield>
    <subfield code="c">UTH</subfield>
    <subfield code="d">2024-04-23</subfield>
    <subfield code="l">0</subfield>
    <subfield code="o">UTH ABELS At47r 2023</subfield>
    <subfield code="p">006258UM</subfield>
    <subfield code="r">2024-04-23 00:00:00</subfield>
    <subfield code="w">2024-04-23</subfield>
    <subfield code="y">UM</subfield>
  </datafield>
  <datafield tag="999" ind1=" " ind2=" ">
    <subfield code="c">27504</subfield>
    <subfield code="d">27504</subfield>
  </datafield>
</record>
